[Event "Panevezys op 20th"]
[Site "Panevezys"]
[Date "2007.08.24"]
[Round "9"]
[White "Aleksandravicius, Darius"]
[Black "Dambrauskaite, Vilma"]
[Result "0-1"]
[WhiteElo "1790"]
[BlackElo "2000"]
[PlyCount "68"]
[EventDate "2007.08.18"]
[EventType "swiss"]
[EventRounds "9"]
[EventCountry "LTU"]
[SourceTitle "CBM 119 Extra"]
[Source "ChessBase"]
[SourceDate "2007.09.04"]
[SourceVersion "1"]
[SourceVersionDate "2007.09.04"]
[SourceQuality "1"]

1. c4 c6 2. Nc3 d5 3. cxd5 cxd5 4. Qa4+ Nc6 5. d4 Nf6 6. Nf3 Bd7 7. Qd1 Bf5 8. a3 e6 9. Bg5 Be7 10. e3 h6 11. Bf4 0-0 12. Bd3 Bxd3 13. Qxd3 Qb6 14. b4 Rfc8 15. 0-0 Nh5 16. Ne2 Nxf4 17. Nxf4 Bd6 18. Nh5 Rc7 19. e4 dxe4 20. Qxe4 Rd8 21. Qg4 Bf8 22. Rad1 Kh8 23. Qf4 Rcd7 24. h4 a5 25. bxa5 Qxa5 26. g4 e5 27. Qg3 Nxd4 28. Nxd4 Rxd4 29. Rde1 Qa4 30. f3 e4 31. Rxe4 Rxe4 32. fxe4 Qxe4 33. Rxf7 Bc5+ 34. Kh2 Rd2+ 0-1

[Event "Panevezys op 20th"]
[Site "Panevezys"]
[Date "2007.08.22"]
[Round "6"]
[White "Dambrauskaite, Vilma"]
[Black "Kveinys, Aloyzas"]
[Result "0-1"]
[WhiteElo "2000"]
[BlackElo "2537"]
[PlyCount "78"]
[EventDate "2007.08.18"]
[EventType "swiss"]
[EventRounds "9"]
[EventCountry "LTU"]
[SourceTitle "CBM 119 Extra"]
[Source "ChessBase"]
[SourceDate "2007.09.04"]
[SourceVersion "1"]
[SourceVersionDate "2007.09.04"]
[SourceQuality "1"]

1. f4 d5 2. Nf3 g6 3. g3 c6 4. Bg2 Qb6 5. d3 Bg7 6. c3 Nd7 7. e4 e6 8. Qe2 Ne7 9. Be3 Qc7 10. 0-0 0-0 11. h3 e5 12. Nbd2 dxe4 13. dxe4 exf4 14. gxf4 Nf6 15. Nd4 Nh5 16. Rf3 f5 17. e5 Nd5 18. h4 Qe7 19. Qf2 Nxe3 20. Rxe3 Bh6 21. Ne2 Be6 22. Nf1 Rad8 23. Nfg3 Ng7 24. Nf1 Bc4 25. Bf3 Ne6 26. h5 Nxf4 27. Nxf4 Bxf4 28. Bd5+ Bxd5 29. Qxf4 g5 30. Rg3 h6 31. Re1 Kh8 32. Qf2 f4 33. Rd3 Qe6 34. Nh2 Qf5 35. Rd4 g4 36. Qd2 g3 37. Nf3 Qxh5 38. Rxf4 Bxf3 39. Rxf3 Rxd2 0-1

[Event "Panevezys op 20th"]
[Site "Panevezys"]
[Date "2007.08.20"]
[Round "4"]
[White "Dambrauskaite, Vilma"]
[Black "Ungurs, Kazimirs"]
[Result "1-0"]
[WhiteElo "2000"]
[BlackElo "2169"]
[PlyCount "133"]
[EventDate "2007.08.18"]
[EventType "swiss"]
[EventRounds "9"]
[EventCountry "LTU"]
[SourceTitle "CBM 119 Extra"]
[Source "ChessBase"]
[SourceDate "2007.09.04"]
[SourceVersion "1"]
[SourceVersionDate "2007.09.04"]
[SourceQuality "1"]

1. f4 c5 2. Nf3 Nc6 3. e3 g6 4. Be2 Bg7 5. 0-0 d6 6. d3 Nf6 7. c3 0-0 8. e4 c4 9. h3 cxd3 10. Qxd3 Nd7 11. g4 Nc5 12. Qc2 a5 13. Be3 e6 14. Nbd2 b6 15. Rad1 Qc7 16. Nd4 Ba6 17. Nb5 Qe7 18. Nb3 Bxb5 19. Bxb5 Na7 20. Be2 f5 21. Nxc5 bxc5 22. Bf3 fxe4 23. Bxe4 d5 24. Bg2 Rad8 25. Qa4 d4 26. cxd4 cxd4 27. Bc1 Qc5 28. Kh1 Rf7 29. Qb3 Kh8 30. Qxe6 Re7 31. Qb3 Rde8 32. f5 gxf5 33. gxf5 Bf6 34. Bh6 Nc8 35. Rc1 Qa7 36. Qc4 Nd6 37. Qc6 Rd7 38. Bd5 Rdd8 39. Rfe1 Qb8 40. Bf4 Re3 41. Bxe3 dxe3 42. Rcd1 Qxb2 43. Rxe3 Be5 44. Bg2 Rg8 45. Rxe5 Qxe5 46. Qxd6 Qxf5 47. Rf1 Qg5 48. Qd4+ Qg7 49. Qxg7+ Kxg7 50. Rf5 Rd8 51. Rxa5 Kf6 52. Rd5 Rb8 53. a4 Rb2 54. a5 Ra2 55. Rb5 h6 56. Rb6+ Kg5 57. a6 h5 58. Bf1 Kf4 59. Kg1 Kg3 60. Rb7 Kf3 61. a7 Kg3 62. h4 Ra1 63. Rg7+ Kf3 64. Rf7+ Kg3 65. Kh1 Ra2 66. Rg7+ Kxh4 67. Bc4 1-0